| 000 | 01627cam a2200589 4500 | ||
|---|---|---|---|
| 008 | 090401t1995 xxu||||| |||| 00| 0 eng d | ||
| 020 | _a041298511X | ||
| 035 | _a(Sirsi) u71692 | ||
| 041 | _aeng | ||
| 050 | _a526.9 | ||
| 245 | 4 | _aThe surveying handbook. | |
| 250 | _a2nd ed. | ||
| 260 |
_aNew York _bChapman and Hall _c1995 |
||
| 300 | _axxxiii,967p. : ill. ; 25cm. | ||
| 350 | _a99 | ||
| 520 | _aTwo chapters are written by Walter Robillard - Surveying profession, registration and associations - Courtroom techniques | ||
| 650 | _aANGLE MEASUREMENT | ||
| 650 | _aBOUNDARY SURVEYS | ||
| 650 | _aCOMPASS SURVEYING | ||
| 650 | _aCONSTRUCTION SURVEYING | ||
| 650 | _aCONTROL SURVEYS | ||
| 650 | _aDISTANCE MEASUREMENT | ||
| 650 | _aEDM INSTRUMENTS | ||
| 650 | _aFIELD ASTRONOMY | ||
| 650 | _aGEODESY | ||
| 650 | _aGIS | ||
| 650 | _aGPS | ||
| 650 | _aHYDROGRAPHIC SURVEYING | ||
| 650 | _aINERTIAL SURVEYS | ||
| 650 | _aINSTRUMENT ADJUSTMENTS | ||
| 650 | _aLAND SURVEYING | ||
| 650 | _aLEAST SQUARES | ||
| 650 | _aLEVELLING | ||
| 650 | _aLINEAR MEASUREMENT | ||
| 650 | _aMAP PROJECTIONS | ||
| 650 | _aMINING SURVEYS | ||
| 650 | _aPHOTOGRAMMETRY | ||
| 650 | _aPLANE COORDINATE SYSTEMS | ||
| 650 | _aPLANETABLE | ||
| 650 | _aROUTE SURVEYS | ||
| 650 | _aSATELLITE SURVEYS | ||
| 650 | _aSURVEYING HANDBOOK | ||
| 650 | _aTRAVERSING | ||
| 650 | _aTRIANGULATION | ||
| 650 | _aTRILATERATION | ||
| 650 | _aTUNNEL SURVEYS | ||
| 690 | _aLAND SURVEYING | ||
| 700 |
_aMinnick, Roy _xEditor |
||
| 700 |
_aBrinker, Russell C _xEditor |
||
| 942 | _n0 | ||
| 948 | _c04/03/1997 | ||
| 999 |
_c95426 _d95426 |
||